000 02759nam a22001577a 4500
041 _aukr
080 _a09
090 _bТИМ
100 _aТимощук, Л. В.
245 _aЛінгвістичне вираження політичної тематики канадської щоденної газети "The Toronto Star"
260 _aОстрог
_bКАФ
_c2014
300 _a106
520 _aВступ. Розділ І. Функціональні особливості публіцистичних текстів. 1.1. Жанрові особливості публіцистичного стилю 1.2. Лексичні особливості публіцистичного стилю 1.3. Стилістичні публіцистичного стилю Розділ ІІ. Політика як обєкт лінгвістичного дослідження. 2.1. Політична комунікація як особлива лінгвокультурна область 2.2. Дискурсивні характеристики політичної комунікації Розділ ІІІ. Метаіори та їх прагматична функціональність у публіцистичних текстах. 3.1. Визначення метафори 3.2. Типологія метафор 3.3. Роль концептуальних метафор у політичній публіцистиці Розділ IV. Аналіз канадської політичної публіцистики на прикладі газети "The Toronto Star". 4.1. Лексичний аналіз канадських статей про події Євромайдану 4.1.1. Політична термінологія 4.1.2. Економічна термінологія 4.1.3. Військова термінологія та лексика на позначення миротворчих процесів 4.2. Концептуально-метафоричний простір у політичних статтях канадської публіцистики 4.3. Групи концептуальних мтафор у мові канадських публіцистичних текстів 4.3.1. Метафоричний концепт "театральності" 4.3.2. Метафоричний концепт "дороги" 4.3.3. Метафоричний концепт "будівництва" 4.4. Семантика фразеологічних одиниць у політичному контексті Висновки. Список використаної літератури. Додатки.
_0публіцистичний текст, метафора,
650 _aResearch Papers
999 _c285363
_d285363
942 _cBK